America's kingdom : (Record no. 12783)
[ view plain ]
| 000 -LEADER | |
|---|---|
| fixed length control field | 02067cam a22003735a 4500 |
| 001 - CONTROL NUMBER | |
| control field | 14398526 |
| 005 - DATE AND TIME OF LATEST TRANSACTION | |
| control field | 20150816125829.0 |
| 008 - FIXED-LENGTH DATA ELEMENTS--GENERAL INFORMATION | |
| fixed length control field | 060602s2007 caufab frb 001 0 eng |
| 010 ## - LIBRARY OF CONGRESS CONTROL NUMBER | |
| LC control number | 2006018541 |
| 020 ## - INTERNATIONAL STANDARD BOOK NUMBER | |
| International Standard Book Number | 0804754462 |
| 020 ## - INTERNATIONAL STANDARD BOOK NUMBER | |
| International Standard Book Number | 9780804754460 (cloth : alk. paper) |
| 040 ## - CATALOGING SOURCE | |
| Original cataloging agency | DLC |
| Language of cataloging | eng |
| Transcribing agency | DLC |
| Modifying agency | EG-ScBUE |
| 043 ## - GEOGRAPHIC AREA CODE | |
| Geographic area code | a-su--- |
| -- | n-us--- |
| 050 00 - LIBRARY OF CONGRESS CALL NUMBER | |
| Classification number | HD9576.S334 |
| Item number | A738 2007 |
| 082 04 - DEWEY DECIMAL CLASSIFICATION NUMBER | |
| Classification number | 338.7665509538 |
| Item number | VIT |
| Edition number | 22 |
| 100 1# - MAIN ENTRY--PERSONAL NAME | |
| Personal name | Vitalis, Robert, |
| Dates associated with a name | 1955- |
| 9 (RLIN) | 8804 |
| 245 10 - TITLE STATEMENT | |
| Title | America's kingdom : |
| Remainder of title | Mythmaking on the Saudi oil frontier / |
| Statement of responsibility, etc | Robert Vitalis. |
| 260 ## - PUBLICATION, DISTRIBUTION, ETC. (IMPRINT) | |
| Place of publication, distribution, etc | Stanford, Calif : |
| Name of publisher, distributor, etc | Stanford University Press, |
| Date of publication, distribution, etc | c. 2007. |
| 300 ## - PHYSICAL DESCRIPTION | |
| Extent | xxvii, 353 p., [ 7 ] p. of plates, |
| Other physical details | ill., map; |
| Dimensions | 24 cm. |
| 490 #0 - Series Statement | |
| Series statement | Stanford studies in Middle Eastern and Islamic societies and cultures |
| 500 ## - GENERAL NOTE | |
| General note | Index : p. 339-353. |
| 504 ## - BIBLIOGRAPHY, ETC. NOTE | |
| Bibliography, etc | Includes bibliographical references : p. 329-338. |
| 505 0# - FORMATTED CONTENTS NOTE | |
| Formatted contents note | Foreword -- Cast of characters -- Captive narratives: a brief and unexceptional introduction to the history of firms and states -- Part 1. The nearest faraway place -- Arabian frontiers -- American camp -- The wizards of Dhahran -- Part 2. Desire's empty quarter -- Ayyam al-Kadalak (days of the Cadillac) -- Eye of the desert -- El jefe rojo -- America's kingdom -- Afterword -- Acknowledgments -- Notes -- Bibliography -- Index. |
| 590 ## - LOCAL NOTE (RLIN) | |
| Local note | menna elemam |
| 610 20 - SUBJECT ADDED ENTRY--CORPORATE NAME | |
| Corporate name or jurisdiction name as entry element | Arabian American Oil Company-- |
| General subdivision | History. |
| 9 (RLIN) | 8805 |
| 610 20 - SUBJECT ADDED ENTRY--CORPORATE NAME | |
| Corporate name or jurisdiction name as entry element | Saudi Aramco-- |
| General subdivision | History. |
| 9 (RLIN) | 8806 |
| 650 #0 - SUBJECT ADDED ENTRY--TOPICAL TERM | |
| Topical term or geographic name as entry element | Petroleum industry and trade-- |
| Geographic subdivision | Saudi Arabia-- |
| General subdivision | History. |
| 9 (RLIN) | 8807 |
| Source of heading or term | BUEsh |
| 651 #0 - SUBJECT ADDED ENTRY--GEOGRAPHIC NAME | |
| Geographic name | United States-- |
| General subdivision | Foreign relations-- |
| Geographic subdivision | Saudi Arabia. |
| 9 (RLIN) | 8808 |
| Source of heading or term | BUEsh |
| 651 #0 - SUBJECT ADDED ENTRY--GEOGRAPHIC NAME | |
| Geographic name | Saudi Arabia-- |
| General subdivision | Foreign relations-- |
| Geographic subdivision | United States. |
| 9 (RLIN) | 8809 |
| Source of heading or term | BUEsh |
| 653 ## - INDEX TERM--UNCONTROLLED | |
| Resource For college | BAEPS, Political Science |
| Arrived date list | August2015 |
| 856 41 - ELECTRONIC LOCATION AND ACCESS | |
| Materials specified | Table of contents only |
| Uniform Resource Identifier | <a href="http://www.loc.gov/catdir/toc/ecip0615/2006018541.html">http://www.loc.gov/catdir/toc/ecip0615/2006018541.html</a> |
| 942 ## - ADDED ENTRY ELEMENTS (KOHA) | |
| Source of classification or shelving scheme | Dewey Decimal Classification |
| Call number prefix | 338.7665509538 VIT |
| Item type | Book - Borrowing |
| Withdrawn status | Item status | Source of classification or shelving scheme | Damaged status | Not for loan | Vendor | Home library | Current library | Shelving location | Date acquired | Source of acquisition | Total Checkouts | Total Renewals | Full call number | Barcode | Date last seen | Date last borrowed | Koha item type |
|---|---|---|---|---|---|---|---|---|---|---|---|---|---|---|---|---|---|
| Dewey Decimal Classification | Baccah | Central Library | Central Library | First floor | 30/09/2009 | 4 | 6 | 338.7665509538 VIT | 000018374 | 15/07/2025 | 24/11/2013 | Book - Borrowing | |||||
| Dewey Decimal Classification | Baccah | Central Library | Central Library | First floor | 30/09/2009 | 338.7665509538 VIT | 000018375 | 15/07/2025 | NB - Book (Non borrowing) |